LEADER 01386nam0-2200445---450- 001 990009626160403321 005 20130108123808.0 010 $a978-3-515-09303-3 035 $a000962616 035 $aFED01000962616 035 $a(Aleph)000962616FED01 035 $a000962616 100 $a20121001d2009----km-y0itay50------ba 101 0 $ager 102 $aDE 105 $ay-------001yy 200 1 $aBürgerrechtsentzug oder Fremdenausweisung?$eStudien zu den Rechten von Latinen und weiteren Fremden sowie zum Bürgerrechtswechsel in der Römischen Republik (5. bis frühes 1. Jh. v. Chr.)$fAltay Coskun 210 $aStuttgart$cFranz Steiner$d2009 215 $a236 p.$d24 cm 225 1 $aHermes$v101$eEinzelschriften 610 0 $aCittadinanza romana 610 0 $aDiritti civili$aRoma 610 0 $aDiritti politici, perdita dei$aRoma 610 0 $aCittadinanza, perdita della$aRoma 676 $a937.06 676 $a342.37 676 $a342.37042 676 $a349.37 676 $a323.60937 676 $a342.37083 700 1$aCoskun,$bAltay$0327699 801 0$aIT$bUNINA$gRICA$2UNIMARC 901 $aBK 912 $a990009626160403321 952 $a342.37 COS 1$bDDS 13481$fFLFBC 952 $aDirez. C-081$b11541 ddr$fDDR 959 $aFLFBC 959 $aDDR 996 $aBürgerrechtsentzug oder Fremdenausweisung?$9249230 997 $aUNINA LEADER 01042nam--2200349---450- 001 990002242400203316 005 20091020120150.0 035 $a000224240 035 $aUSA01000224240 035 $a(ALEPH)000224240USA01 035 $a000224240 100 $a20041206d1969----km-y0itay0103----ba 101 0 $aeng 102 $aUS 105 $a||||||||001yy 200 1 $a<> administration of interstate compacts$fby Richard H. Leach and Redding S. Sugg 210 $aNew York$cGreenwood Press$d1969 215 $aVII, 256 p.$d22 cm 410 0$12001 454 1$12001 461 1$1001-------$12001 700 1$aLEACH,$bRichard H.$0237366 701 1$aSUGG,$bRedding S.$0569878 801 0$aIT$bsalbc$gISBD 912 $a990002242400203316 951 $a354.73 LEA 1 (IG VIII 10 531)$b8413 G.$cIG VIII 10$d00250942 959 $aBK 969 $aECO 979 $aSIAV4$b10$c20041206$lUSA01$h1500 979 $aRSIAV4$b90$c20091020$lUSA01$h1201 996 $aAdministration of interstate compacts$91034397 997 $aUNISA